00821nam a2200217Ia 4500003000500000005001700005008004100022020003000063040002300093082002000116100002400136245009400160260004300254300005000297504004100347521001000388651001700398654007400415700010500489710000900594322820250701083626.0210816s9999 xx 000 0 und d a9780702 172755qPaperback aRDAbENGLISHc3228 a362.104256 HAMI a HAMILTON, Robin  0aJuta's counselling handbook for healthcare professionals cRobin Hamilton, Natalya Dinat. aCape Town, South Africa:bJuta,c2006. axii, 139 pagesbColour illustrations:c 18 cm aIncludes bibliographical references. aAdult aSouth Africa 2Allied health personnel and patient Communication Health counseling aNatalya Dinat, Melanie Wagner, Danya Ristic, Martingraphix, WaterBerry cc, Fiona Moosa, Paarl Print. aJuta